Comprehensive handbook of iodine : nutritional, biochemical, pathological and therapeutic aspects (Record no. 135447)

MARC details
000 -LEADER
fixed length control field 00905nam a2200253Ia 4500
008 - FIXED-LENGTH DATA ELEMENTS--GENERAL INFORMATION
fixed length control field 191130s2009##################000#0#eng##
020 ## - INTERNATIONAL STANDARD BOOK NUMBER
ISBN 9780123741356
082 ## - DEWEY DECIMAL CLASSIFICATION NUMBER
Classification number 616.396 PRE
245 ## - TITLE STATEMENT
Title Comprehensive handbook of iodine : nutritional, biochemical, pathological and therapeutic aspects
Statement of responsibility, etc edited by Victor R. Preedy, Gerard N. Burrow, Ronald Watson
260 ## - PUBLICATION, DISTRIBUTION, ETC. (IMPRINT)
Place of publication Amsterdam
Name of publisher Elsevier
Year of publication 2009
300 ## - PHYSICAL DESCRIPTION
Number of Pages xxiv, 1312 p. : ill. ; 29 cm
500 ## - GENERAL NOTE
General note Includes bibliographical references and index
650 ## - SUBJECT ADDED ENTRY--TOPICAL TERM
Topical Term Iodine deficiency diseases
Topical Term Iodine deficiency diseases -- Prevention
Topical Term Iodine deficiency diseases -- Treatment
Topical Term Iodine in the body
700 ## - ADDED ENTRY--PERSONAL NAME
Personal name Burrow, Gerard N
Personal name Preedy, Victor R
Personal name Watson, Ronald Ross
991 ## -
-- 176104
Holdings
Withdrawn status Lost status Damaged status Not for loan Home library Current library Shelving location Date acquired Full call number Accession Number Price effective from Koha item type
        Anna Centenary Library Anna Centenary Library 5TH FLOOR, B WING 12.10.2020 616.396 PRE 341071 12.10.2020 English Books

Find us on the map